[Event "RUS-Team"]
[Site "Smolensk RUS"]
[Date "2000.04.16"]
[Round "2"]
[White "Donchenko,A"]
[Black "Dashevsky,S"]
[Result "1-0"]
[WhiteElo "2428"]
[BlackElo "2355"]

1.Nf3 d5 2.d4 Nf6 3.c4 c6 4.Qc2 g6 5.cxd5 cxd5 6.Bf4 Nc6 7.e3 Bg7 8.Nc3 O-O
9.h3 Qa5 10.Be2 Bf5 11.Qb3 Qb4 12.Ne5 Qxb3 13.axb3 Rfc8 14.g4 Bc2 15.Nxc6 Rxc6
16.g5 Ne8 17.Nxd5 Re6 18.Nb4 Bxb3 19.Ra3 Rb6 20.Rxb3 a5 21.Kd2 axb4 22.Rc1 Rd8
23.Rd3 e6 24.Kc2 Bf8 25.Kb3 Rc6 26.Rdd1 Rdc8 27.Rxc6 Rxc6 28.Ra1 Rc8 29.Bd3 Nd6
30.e4 b5 31.Rc1 Rd8 32.Be3 Nb7 33.Bxb5 Na5+ 34.Kc2 Bg7 35.e5 Rd5 36.Be2 Bf8
37.Kd3 Nb3 38.Rc8 Nc5+ 39.Kc4 Na4 40.Kb3 Ra5 41.Bd2  1-0

[Event "12th Open"]
[Site "Lenk SUI"]
[Date "2000.04.21"]
[Round "2"]
[White "Salzgeber,F"]
[Black "Varga,Zo"]
[Result "0-1"]
[WhiteElo "2165"]
[BlackElo "2530"]

1.d4 d5 2.c4 dxc4 3.Nf3 c6 4.a4 b5 5.g3 Bb7 6.Bg2 Nd7 7.O-O e6 8.e4 Ngf6
9.e5 Nd5 10.Ng5 Be7 11.Ne4 O-O 12.axb5 cxb5 13.Nbc3 Nxc3 14.bxc3 Bd5 15.h4 a5
16.Bg5 f6 17.exf6 Nxf6 18.Bxf6 gxf6 19.Qh5 b4 20.cxb4 Bxb4 21.g4 Qe8 22.Qh6 Qg6
23.Qf4 f5 24.h5 Qxg4  0-1

[Event "New York Open"]
[Site "New York USA"]
[Date "2000.05.05"]
[Round "2"]
[White "Tregubov,P"]
[Black "Gonzales,Jay"]
[Result "1-0"]
[WhiteElo "2615"]
[BlackElo "2411"]

1.d4 d5 2.Nf3 c6 3.c4 Nf6 4.Qc2 dxc4 5.Qxc4 Bf5 6.g3 Nbd7 7.Nc3 e6 8.Bg2 Nb6
9.Qb3 Be7 10.O-O Ne4 11.Rd1 Nxc3 12.bxc3 Be4 13.c4 O-O 14.Ne5 Bxg2 15.Kxg2 Nd7
16.Nf3 b5 17.Bf4 bxc4 18.Qxc4 Rc8 19.Rab1 g5 20.Bd2 Nb6 21.Qd3 f5 22.Kg1 g4
23.Ne5 Qd5 24.e4 fxe4 25.Qe2 c5 26.Qxg4+ Kh8 27.Bh6 Bf6 28.Bxf8 Rxf8 29.Re1 e3
30.fxe3 Bxe5 31.dxe5 Qxe5 32.Qe2 c4 33.Qd2 Qg5 34.Rf1 Rd8 35.Qc3+ Kg8 36.Rbd1 Rc8
37.e4 Na4 38.Qd2 Qxd2 39.Rxd2 c3 40.Rc2 Rc4 41.Re1 Kg7 42.Kf2 Kf6 43.Ke3 Ke5
44.Rd1 Rxe4+ 45.Kf3 Rb4 46.Re2+ Kf6 47.Rd6 Nc5 48.Rc6 Rc4 49.Rexe6+ Kf7 50.Rf6+  1-0

[Event "Capablanca Mem Premier I"]
[Site "Varadero CUB"]
[Date "2000.05.07"]
[Round "1"]
[White "Almeida,O"]
[Black "Perez,Rod"]
[Result "1/2-1/2"]
[WhiteElo "2348"]
[BlackElo "2472"]

1.d4 d5 2.c4 c6 3.Nf3 dxc4 4.e3 Be6 5.Qc2 b5 6.Ng5 Qc8 7.Nxe6 Qxe6 8.a4 Nf6
9.axb5 cxb5 10.b3 Qc6 11.bxc4 e5 12.Qb3 exd4 13.Bb2 dxe3 14.Qxe3+ Qe4 15.Bxf6  1/2-1/2

[Event "Kaissa CC"]
[Site "Kharkov UKR"]
[Date "2000.05.09"]
[Round "11"]
[White "Kostiuk,T"]
[Black "Ivanov,AnA"]
[Result "0-1"]
[WhiteElo "2270"]
[BlackElo "2321"]

1.d4 d5 2.c4 c6 3.Nf3 dxc4 4.e3 b5 5.a4 a5 6.b3 cxb3 7.axb5 a4 8.Nc3 e5 9.Bc4 Bb4
10.Bd2 exd4 11.Nxd4 b2 12.Rb1 c5 13.Nc2 a3 14.Nxb4 cxb4 15.Qf3 Ra7 16.Na2 b3
17.Bxb3 Qd3 18.Qd1 Bf5 19.b6 Ra6 20.Ba4+ Nd7 21.Bxd7+ Qxd7 22.e4 Bxe4 23.Qe2 Qd3
24.Qxd3 Bxd3 25.Nb4 Bxb1 26.Nxa6 Be4 27.O-O a2  0-1

[Event "FSFM May"]
[Site "Budapest HUN"]
[Date "2000.05.13"]
[Round "8"]
[White "Kievelitz,B"]
[Black "Antok,D"]
[Result "1-0"]
[WhiteElo "2168"]
[BlackElo "2143"]

1.Nf3 d5 2.d4 Nf6 3.c4 c6 4.Qb3 dxc4 5.Qxc4 e6 6.g3 Be7 7.Bg2 O-O 8.O-O Nbd7
9.Qc2 c5 10.dxc5 Bxc5 11.Nc3 Qe7 12.a3 a6 13.b4 Ba7 14.Bb2 e5 15.e4 b5 16.Nd5 Nxd5
17.exd5 e4 18.Nd4 Bxd4 19.Bxd4 f5 20.Bc5 Nxc5 21.bxc5 Bb7 22.c6 Rac8 23.Qb3 Ba8
24.a4 b4 25.Rfd1 Qd6 26.a5 Rf7 27.Rab1 Rd8 28.Qc4 f4 29.Qxe4 fxg3 30.hxg3 Qc5
31.Qe3 Qxa5 32.d6 Qf5 33.Rxb4 Rdf8 34.d7 Qa5 35.Rf4 Rxf4 36.Qxf4 Rxf4 37.d8=Q+ Qxd8
38.Rxd8+ Rf8 39.c7  1-0

[Event "Capablanca Mem Premier I"]
[Site "Varadero CUB"]
[Date "2000.05.19"]
[Round "10"]
[White "Blees,A"]
[Black "Abreu,A"]
[Result "0-1"]
[WhiteElo "2402"]
[BlackElo "2419"]

1.d4 d5 2.c4 c6 3.Nf3 Nf6 4.Qc2 dxc4 5.Qxc4 Bf5 6.g3 e6 7.Bg2 Nbd7 8.O-O Be7
9.Nc3 O-O 10.Rd1 Bc2 11.a4 Nb6 12.Qa2 Bxd1 13.Nxd1 Qd5 14.b3 Qa5 15.Nb2 Rfd8
16.Nd3 Nbd7 17.h3 c5 18.Ba3 Nd5 19.e4 Nb4 20.Qd2 Nf6 21.e5 Nfd5 22.dxc5 Bxc5
23.Rc1 Be7 24.Rc4 Nc6 25.Qc1 Bxa3 26.Qxa3 Ne3 27.Rc5 Qa6 28.Rb5 Nc2 29.Qc5 Rxd3
30.Qxc2 Rxf3 31.Qd1 Rc3 32.Qd2 Rc1+ 33.Kh2 Ra1 34.Qd6 Rd8 35.Qc7 Rf8 36.Rxb7 Nd8
37.Rb5 Rd1 38.h4 Rd2 39.Kg1 f6 40.Bb7 Rd1+ 41.Kh2 Qxb5 42.axb5 fxe5 43.f3 Rf7  0-1

[Event "Bank Pocztowy Open"]
[Site "Bydgoszcz POL"]
[Date "2000.05.28"]
[Round "1"]
[White "Rashkovsky,N"]
[Black "Kludacz,M"]
[Result "1-0"]
[WhiteElo "2523"]
[BlackElo "2261"]

1.d4 d5 2.c4 c6 3.Nf3 Nf6 4.Qb3 Qb6 5.Nc3 Bf5 6.c5 Qxb3 7.axb3 Nbd7 8.b4 Ne4
9.b5 Nxc3 10.bxc3 a5 11.e3 e5 12.c4 Be6 13.Ng5 Be7 14.Nxe6 fxe6 15.cxd5 exd5
16.Ra4 O-O 17.Bd3 Bf6 18.O-O exd4 19.exd4 cxb5 20.Bxb5 Nb8 21.Be3 Nc6 22.Rfa1 Rfe8
23.Kf1 Re4 24.Bxc6 bxc6 25.Rxa5 Rxa5 26.Rxa5 Bxd4 27.Bxd4 Rxd4 28.Ra6 Rh4
29.Rxc6 Rxh2 30.Rd6 Rh1+ 31.Ke2 Rc1 32.Rxd5 Kf7 33.Kd2 Rc4 34.Kd3 Rc1 35.Rh5 h6
36.Kd4 Ke6 37.Re5+ Kd7 38.Re2 h5 39.Re5 h4 40.Rg5 Rd1+ 41.Ke3 Kc6 42.Kf3 Rg1
43.Kf4 Rf1 44.f3 Rg1 45.Kf5 Kxc5 46.Kg4+ Kd6 47.Kxh4 Rh1+ 48.Kg4 Rh2 49.g3 Rh7
50.Rh5 Rxh5 51.Kxh5 Ke7 52.Kg6 Kf8 53.f4 Kg8 54.g4 Kh8 55.Kf7 Kh7 56.g5 Kh8
57.f5 Kh7  1-0

[Event "SVOLTA Open"]
[Site "Turin ITA"]
[Date "2000.05.29"]
[Round "2"]
[White "Laketic,G"]
[Black "Chilingirova,P"]
[Result "1/2-1/2"]
[WhiteElo "2456"]
[BlackElo "2237"]

1.d4 d5 2.c4 c6 3.Nf3 Nf6 4.Qc2 e6 5.Bg5 Be7 6.e3 Nbd7 7.Nc3 O-O 8.cxd5 exd5
9.Bd3 Re8 10.O-O h6 11.Bh4 Ne4 12.Bxe4 Bxh4 13.Bh7+ Kh8 14.Bd3 Be7 15.Rfe1 Nf6
16.Ne5 Kg8 17.h3 Bd6 18.f4 c5 19.Rad1 a6 20.Nxf7 Kxf7 21.dxc5 Bxc5 22.Bg6+ Kf8
23.Nxd5 Bd6 24.Bxe8 Nxe8 25.b4  1/2-1/2

[Event "NOR Team-ch"]
[Site "Oslo NOR"]
[Date "2000.05.31"]
[Round "1"]
[White "Andersen,O"]
[Black "Hole,O"]
[Result "1-0"]
[WhiteElo "2202"]
[BlackElo "2263"]

1.d4 d5 2.c4 c6 3.Nf3 Nf6 4.Qc2 g6 5.e3 Bg7 6.Nc3 O-O 7.Bd3 dxc4 8.Bxc4 Bf5
9.e4 Bg4 10.Be3 Nbd7 11.Ne5 Nxe5 12.dxe5 Nd7 13.f4 Nb6 14.Bb3 Bd7 15.O-O Qc7
16.a4 a5 17.Rfd1 Rad8 18.Nb5  1-0

[Event "Dutch Team Championships"]
[Site "Breda NED"]
[Date "2000.06.02"]
[Round "2"]
[White "Ree,H"]
[Black "Kroeze,F"]
[Result "1-0"]
[WhiteElo "2417"]
[BlackElo "2359"]

1.d4 d5 2.c4 c6 3.Nf3 dxc4 4.e3 b5 5.a4 e6 6.b3 Bb4+ 7.Bd2 Bxd2+ 8.Qxd2 cxb3
9.axb5 b2 10.Qxb2 Bb7 11.Nbd2 Nf6 12.Qa3 Qe7 13.Nc4 Qxa3 14.Rxa3 Kd8 15.Nfe5 Rf8
16.Na5 Kc7 17.bxc6 Ba6 18.Rb3  1-0

[Event "ch-IND"]
[Site "Mumbai IND"]
[Date "2000.06.04"]
[Round "18"]
[White "Murugan,K"]
[Black "Sriram,J"]
[Result "1/2-1/2"]
[WhiteElo "2382"]
[BlackElo "2356"]

1.d4 d5 2.c4 c6 3.Nf3 Nf6 4.Qb3 g6 5.Nc3 dxc4 6.Qxc4 Bg7 7.e4 O-O 8.Be2 b5
9.Qb3 Qa5 10.e5 Be6 11.Qc2 Bf5 12.Bd3 Bxd3 13.Qxd3 Nd5 14.Bd2 Nxc3 15.Bxc3 b4
16.Bd2 c5 17.dxc5 Nc6 18.O-O Qxc5  1/2-1/2

[Event "Bank Pocztowy Open"]
[Site "Bydgoszcz POL"]
[Date "2000.06.05"]
[Round "8"]
[White "Rashkovsky,N"]
[Black "Makarov,M"]
[Result "1/2-1/2"]
[WhiteElo "2523"]
[BlackElo "2513"]

1.d4 d5 2.c4 c6 3.Nf3 Nf6 4.Qb3 e6 5.Bg5 Nbd7 6.Nc3 Be7 7.e3 Ne4 8.Bxe7 Qxe7
9.Be2 O-O 10.O-O Nxc3 11.Qxc3 dxc4 12.Bxc4 b6 13.a4  1/2-1/2

[Event "FSGM June"]
[Site "Budapest HUN"]
[Date "2000.06.10"]
[Round "8"]
[White "Kallai,G"]
[Black "Almasi,I"]
[Result "1/2-1/2"]
[WhiteElo "2489"]
[BlackElo "2420"]

1.d4 d5 2.c4 c6 3.Nf3 Nf6 4.Qc2 dxc4 5.Qxc4 Bf5 6.g3 e6 7.Bg2 Nbd7 8.Nc3 Be7
9.O-O O-O 10.e3 Ne4 11.Nd2 Nxd2 12.Bxd2 e5 13.e4 Nb6 14.Qb3 exd4 15.exf5 dxc3
16.Bxc3 Qd3 17.Rfe1 Rfe8 18.f6 Bxf6 19.Rxe8+ Rxe8 20.Bxf6 Qxb3 21.axb3 gxf6
22.Rxa7 Re7 23.Bf3 Kg7 24.Kg2 Nc8 25.Ra8 Rc7 26.Be4 Nd6 27.Bd3 Rd7 28.Kf3 f5
29.Ra4 Kf6 30.Rf4 Ke5 31.Rh4 f6 32.Ke3 b5 33.Rh5 Ke6 34.f3 c5 35.Kf4 c4 36.Bc2 cxb3
37.Bxb3+ Nc4 38.g4 Rd4+ 39.Kg3 f4+ 40.Kh3 Rd5 41.Kh4 h6 42.h3 Re5 43.Rxh6 Re3
44.Bxc4+ bxc4 45.g5 Rxf3 46.Rxf6+ Ke5 47.Rb6 Rg3 48.Rb5+ Kd4 49.Kh5 f3 50.h4 f2
51.Rf5 Ke3 52.g6  1/2-1/2

[Event "Balatontourist Open"]
[Site "Budapest HUN"]
[Date "2000.06.18"]
[Round "3"]
[White "Xu Hanbing"]
[Black "Szilagyi,L"]
[Result "1/2-1/2"]
[WhiteElo "2420"]
[BlackElo "2126"]

1.Nf3 d5 2.d4 c6 3.c4 dxc4 4.a4 Nf6 5.Nc3 Bf5 6.Ne5 e6 7.Nxc4 Nbd7 8.f3 Bb4
9.e4 Bg6 10.a5 O-O 11.Be2 b5 12.axb6 axb6 13.Rxa8 Qxa8 14.O-O b5 15.Ne5 Nxe5
16.dxe5 Rd8 17.Qe1 Nd7 18.Bg5 Re8 19.Bf4 h6 20.Qd2 Rd8 21.Rd1 Be7 22.Qc1  1/2-1/2

[Event "Jack Collins Int Final A"]
[Site "New York USA"]
[Date "2000.06.20"]
[Round "2"]
[White "Fedorowicz,J"]
[Black "Zugic,I"]
[Result "1/2-1/2"]
[WhiteElo "2540"]
[BlackElo "2396"]

1.d4 d5 2.c4 c6 3.Nf3 Nf6 4.Qb3 Qb6 5.Qc2 g6 6.cxd5 Bf5 7.Qa4 Nxd5 8.Nbd2 Nf6
9.g3 Bg7 10.Bg2 O-O 11.O-O Nbd7 12.Re1 Ne4 13.Nc4 Qd8 14.Qb4  1/2-1/2

[Event "11th Open"]
[Site "Ljubljana SLO"]
[Date "2000.06.23"]
[Round "7"]
[White "Sitnik,I"]
[Black "Krumpak,H"]
[Result "0-1"]
[WhiteElo "2371"]
[BlackElo "2083"]

1.d4 d5 2.c4 c6 3.Nf3 Nf6 4.g3 e6 5.Bg2 Nbd7 6.O-O Bd6 7.Qc2 O-O 8.b3 b5
9.Nbd2 bxc4 10.bxc4 Qa5 11.e4 Be7 12.e5 Ne8 13.Nb3 Qa4 14.c5 Ba6 15.Re1 h6
16.Be3 Nc7 17.Nfd2 Nb5 18.f4 Na3 19.Qd1 Bd3 20.Nf3 Bc2 21.Qc1 Bf5 22.Re2 a5
23.Bf2 Qc4 24.Qd2 a4 25.Rc1 axb3 26.Rxc4 Nxc4 27.Qc3 b2 28.Rxb2 Nxb2 29.Qxb2 Rfb8
30.Qe2 Rb1+ 31.Ne1 Ra1 32.Qb2 Rb1 33.Qe2 Ra1 34.Qb2 Rb1 35.Qe2 Ra7 36.g4 Bh7
37.f5 Ra1 38.h4 R7xa2 39.Qf3 Ra3 40.Qf4 Bd8 41.fxe6 fxe6 42.g5 hxg5 43.hxg5 Ba5
44.g6 Bxg6 45.Qg5 Bf5 46.Qe7 Nf8 47.Qd6 Bxe1 48.Bxe1 Rxe1+ 49.Kf2 Rb1 50.Qxc6 Rb2+
51.Kg1 Ra1+ 52.Kh2 Raa2  0-1

[Event "11th Open"]
[Site "Ljubljana SLO"]
[Date "2000.06.25"]
[Round "9"]
[White "Podvrsnik,M"]
[Black "Filipenko,A"]
[Result "0-1"]
[WhiteElo "2209"]
[BlackElo "2370"]

1.d4 d5 2.c4 c6 3.Nf3 Nf6 4.Qc2 g6 5.e3 Bf5 6.Bd3 Bxd3 7.Qxd3 Qa5+ 8.Bd2 Qa6
9.b3 Bg7 10.Nc3 O-O 11.Qe2 dxc4 12.Qxc4 Qxc4 13.bxc4 c5 14.Rb1 cxd4 15.exd4 b6
16.Be3 Nc6 17.Ke2 Rac8 18.Rhc1 Ng4 19.c5 bxc5 20.dxc5 Nxe3 21.fxe3 Rb8 22.Na4 Rfd8
23.Nd2 Kf8 24.Rxb8 Rxb8 25.Rb1 Rxb1 26.Nxb1 Ke8 27.a3 Kd7 28.Nbc3 Bxc3 29.Nxc3 Ne5
30.Nb5 a6 31.Nd4 Nc4 32.a4 Nb2 33.a5 e5 34.Nc2 Na4 35.Kd3 Nxc5+ 36.Kc4 Kd6
37.Nb4 f5 38.g3 g5 39.h4 f4 40.exf4 exf4 41.gxf4 gxh4 42.Nc2 h3 43.Ne3 h2
44.Nf5+ Ke6 45.Ng3 Ne4 46.Nh1 Kf5 47.Kd5 Kxf4  0-1

[Event "HUN-YUG Women's Match"]
[Site "Szeged HUN"]
[Date "2000.06.25"]
[Round "1"]
[White "Prudnikova,S"]
[Black "Lakos,N"]
[Result "1-0"]
[WhiteElo "2421"]
[BlackElo "2316"]

1.d4 d5 2.c4 c6 3.Nf3 Nf6 4.Qc2 g6 5.Bf4 Bf5 6.Qb3 Qb6 7.c5 Qa5+ 8.Nc3 b5
9.Bd2 Qc7 10.a4 b4 11.Qxb4 a5 12.Qa3 Na6 13.Na2 Ne4 14.e3 e5 15.Bxa6 Rxa6
16.Nxe5 Bxc5 17.dxc5 Qxe5 18.Bc3 Nxc3 19.Qxc3 Qxc3+ 20.Nxc3 Kd7 21.O-O-O Kc7
22.Ne2 Bg4 23.f3 Bc8 24.Nd4 Re8 25.Kd2 Ra8 26.Rde1 Rb8 27.Kc3 Rb4 28.b3 Be6
29.e4 dxe4 30.Rxe4 Reb8 31.Nxe6+ fxe6 32.Rxb4 Rxb4 33.Re1 Rh4 34.h3 Rh5 35.b4 Rh4
36.bxa5 Rxa4 37.Rxe6 Rxa5 38.Kd4 Ra2 39.Re7+ Kd8 40.Rxh7 Rxg2 41.Ke5 Rd2
42.h4 Rd5+ 43.Kf6 Rxc5 44.Kxg6 Rc1 45.h5 Rg1+ 46.Kf5 c5 47.h6 Rh1 48.Kg6 c4
49.Ra7 c3 50.h7 c2 51.Ra1 Rh2 52.Rc1 Rg2+ 53.Kf7 Rh2 54.Kg7 Rg2+ 55.Kf8 Rh2
56.Rxc2 Rxh7 57.Rd2+ Kc8 58.f4 Rh1 59.Ke7 Kc7 60.Rd4 Kc6 61.Ke6 Kc5 62.Re4 Ra1
63.f5 Ra6+ 64.Ke7 Kd5 65.Re1 Ra7+ 66.Kf8 Ra8+ 67.Kf7 Ra7+ 68.Kg6 Ra2 69.f6 Rg2+
70.Kf7 Ra2 71.Kg7 Rg2+ 72.Kf8 Kd6 73.f7 Kd7 74.Rd1+ Ke6 75.Ke8 Ra2 76.f8=Q  1-0

[Event "XVIII Open"]
[Site "Andorra AND"]
[Date "2000.06.26"]
[Round "3"]
[White "Ager,J"]
[Black "Cosma,I"]
[Result "0-1"]
[WhiteElo "2218"]
[BlackElo "2468"]

1.d4 d5 2.c4 c6 3.Nf3 Nf6 4.g3 Bf5 5.Nc3 e6 6.Bg2 Nbd7 7.cxd5 exd5 8.O-O Bd6
9.Nh4 Be6 10.Qc2 O-O 11.h3 Re8 12.b3 Nf8 13.e3 Ne4 14.Nxe4 dxe4 15.Bxe4 Bxh3
16.Bg2 Bxg2 17.Kxg2 g6 18.Bb2 Ne6 19.Nf3 Bf8 20.e4 Bg7 21.Rad1 Qa5 22.Bc3 Qh5
23.Rd3 Qg4 24.Re3 Bh6 25.Nh2 Qh5 26.f4 Rad8 27.Rd3 Bg7 28.Qd1 Qb5 29.a4 Qa6
30.Rff3 c5 31.d5 Nd4 32.Bxd4 Bxd4 33.e5 Rxd5 34.Ng4 Re6 35.f5 Rexe5 36.fxg6 hxg6
37.Nf6+ Kg7 38.Nxd5 Rxd5 39.Qd2 Qe6 40.Qd1 Qe4 41.Rd2 Re5 42.Qc2 Qc6 43.Re2 Rh5
44.Qe4 Qd7 45.Rf4 Qh3+ 46.Kf3  0-1

[Event "AKN Open"]
[Site "Haarlem NED"]
[Date "2000.07.01"]
[Round "3"]
[White "Blees,A"]
[Black "Oosterom,E"]
[Result "1/2-1/2"]
[WhiteElo "2402"]
[BlackElo "2194"]

1.d4 d5 2.c4 c6 3.Nf3 Nf6 4.Qb3 e6 5.g3 Nbd7 6.Bg2 Bd6 7.Nbd2 O-O 8.O-O a6
9.Qc2 e5 10.cxd5 cxd5 11.dxe5 Nxe5 12.Nxe5 Bxe5 13.Nf3 Bd6 14.Rd1 h6 15.Be3 Re8
16.Bd4 Be6 17.Qb3 b5 18.Rac1 Ne4 19.Rc6 Qd7 20.Rc2 Rac8 21.Ne5 Qb7 22.Rxc8 Rxc8
23.Nd3 Qc7 24.f3 Nc5 25.Nxc5 Bxc5 26.Qe3 Bxd4 27.Qxd4 Qc4 28.Qxc4 dxc4 29.f4 c3
30.bxc3 Rxc3 31.Be4 g6 32.Rd6 Bxa2 33.Rxa6 Bc4 34.Rc6 Re3 35.Bf3 Bxe2 36.Kf2 Rxf3+
37.Kxe2 Rb3 38.Rb6 h5 39.Kf2 Kg7 40.Kg2 Rb2+ 41.Kf3 b4 42.h3 Rb3+ 43.Kf2 Rb1
44.Kg2 b3 45.Kf2 b2 46.Kg2 Kf8 47.Rb7 Ke8 48.Kh2 Kd8 49.Rb3 Kc7 50.Rc3+ Kd6
51.Rb3 Kd5 52.Rb4 Kc5 53.Rb8 h4 54.gxh4 Kd4 55.f5 Ke5 56.fxg6 fxg6 57.Rb5+ Ke4
58.Rb4+ Kd3 59.Rb6 Ke3  1/2-1/2

[Event "AKN Open"]
[Site "Haarlem NED"]
[Date "2000.07.01"]
[Round "4"]
[White "Ikonnikov,V"]
[Black "Blokhuis,J"]
[Result "1/2-1/2"]
[WhiteElo "2550"]
[BlackElo "2240"]

1.d4 d5 2.Nf3 Nf6 3.c4 c6 4.Qb3 dxc4 5.Qxc4 b5 6.Qc2 e6 7.Bg5 Be7 8.Nbd2 Bb7
9.Nb3 Nbd7 10.e4 Qb6 11.e5 Bb4+ 12.Bd2 Nd5 13.Bxb4 Nxb4 14.Qd2 Na6 15.a4 bxa4
16.Na5 c5 17.Nc4 Qb4 18.Nd6+ Ke7 19.Nxb7 Qxb7 20.Rxa4 Qe4+ 21.Be2 Qb1+ 22.Bd1 Qe4+
23.Kf1 Nb4 24.dxc5 Qd3+ 25.Be2 Qxd2 26.Nxd2 a5 27.Nb3 Rhc8 28.f4 Nxc5 29.Nxc5 Rxc5
30.Kf2 Rc2 31.Rha1 Rd8 32.Kf1 Rxb2 33.Rxa5 Nc2 34.Ra7+ Ke8 35.R1a2 Ne3+ 36.Kf2 Nd1+
37.Ke1 Rxa2 38.Rxa2 Nc3 39.Ra3 Nxe2 40.Kxe2 h5 41.Kf3 g6 42.h3 Kf8 43.g4 hxg4+
44.hxg4 Rd1 45.Ke4 Kg7 46.Rg3 Ra1 47.g5  1/2-1/2

[Event "AKN Open"]
[Site "Haarlem NED"]
[Date "2000.07.02"]
[Round "6"]
[White "Szuveges,G"]
[Black "Weiler,W"]
[Result "1-0"]
[WhiteElo "2203"]
[BlackElo "2077"]

1.d4 d5 2.c4 c6 3.Nf3 dxc4 4.a4 Nf6 5.Nc3 Bf5 6.Ne5 e6 7.f3 Bb4 8.e4 Nxe4
9.fxe4 Qh4+ 10.Ke2 Bxe4 11.Nxe4 Qxe4+ 12.Be3 c3 13.bxc3 Bxc3 14.Rc1 Bb4 15.Qd3 Qd5
16.Qc4 a5 17.Qxd5 exd5 18.Kf2 O-O 19.Bd3 f6 20.Nf3 Nd7 21.Bd2 Bd6 22.Rb1 Rfb8
23.Rhc1 g6 24.g3 Nf8 25.Re1 Kf7 26.h4 h5 27.Rg1 Ne6 28.g4 hxg4 29.Rxg4 f5
30.Rgg1 c5 31.Ng5+ Nxg5 32.hxg5 c4 33.Be2  1-0

[Event "FSIMA July"]
[Site "Budapest HUN"]
[Date "2000.07.03"]
[Round "3"]
[White "Eriksson,Joh"]
[Black "Erenburg,S"]
[Result "0-1"]
[WhiteElo "2364"]
[BlackElo "2325"]

1.d4 d5 2.c4 c6 3.Nf3 dxc4 4.e3 Be6 5.a4 Nf6 6.Na3 Nbd7 7.Nxc4 Bd5 8.Bd3 e6
9.O-O Be7 10.Qe2 Be4 11.Bxe4 Nxe4 12.Qc2 Nef6 13.e4 O-O 14.Rd1 Rc8 15.Bf4 Nh5
16.Be3 Nhf6 17.Rac1 Nb6 18.Nce5 Nbd7 19.h3 Qc7 20.Bg5 Rfe8 21.Bxf6 Bxf6 22.Ng4 Qd8
23.Qd2 Be7 24.d5 cxd5 25.exd5 Nb6 26.Rxc8 Qxc8 27.dxe6 Qxe6 28.Re1 Qd7 29.Qxd7 Nxd7
30.Nd4 Kf8 31.Nb5 h5 32.Ne5 Nxe5 33.Rxe5 g6 34.Rd5 a6 35.Nc3 Bf6 36.Rd7 Re7
37.Rd8+ Kg7 38.Rc8 Re1+ 39.Kh2 Ra1 40.Rc4 Kf8 41.Rb4 h4 42.Nd5 Be5+ 43.g3 Rd1
44.Nc3 Rd2 45.Kg1 hxg3 46.fxg3 f5 47.g4 f4 48.Re4 Bd4+ 49.Kf1 Be3 50.Ne2 Rxb2
51.Nxf4 Rf2+ 52.Kg1 Rxf4+ 53.Rxe3 Rxa4 54.Re6 Rb4 55.Rxg6 a5 56.Rg5 b5 57.Rg6 a4
58.Ra6 Rb3 59.Kg2 a3 60.h4 b4 61.h5 Rb2+ 62.Kf3 a2 63.h6 Rb3+ 64.Ke4 Ra3
65.Rf6+ Kg8  0-1

[Event "It"]
[Site "Techirghiol ROM"]
[Date "2000.07.03"]
[Round "2"]
[White "Raceanu,V"]
[Black "Spulber,C"]
[Result "0-1"]
[WhiteElo "2277"]
[BlackElo "2352"]

1.d4 d5 2.c4 c6 3.Nf3 Nf6 4.Qc2 g6 5.Bf4 Bf5 6.Qb3 Qb6 7.c5 Qxb3 8.axb3 Nbd7
9.Nbd2 Bg7 10.e3 a6 11.h3 Ne4 12.g4 Nxd2 13.Nxd2 Be6 14.Be2 Nf8 15.b4 Rd8
16.Bc7 Rc8 17.Bg3 Rd8 18.Nb3 Bc8 19.Na5 f6 20.b5 axb5 21.Nb3 e5 22.Ra7 Ne6
23.Kd2 O-O 24.Kd3 exd4 25.exd4 Bh6 26.Bf3 Nf4+ 27.Bxf4 Bxf4 28.Re1 Rde8 29.Rxe8 Rxe8
30.Na5 Kf8 31.Kc3 Bb8 32.Ra8 Bh2 33.Ra7 Bg1 34.Nxb7 Bxb7 35.Rxb7 Bxf2 36.Bd1 Re3+
37.Kd2 Rxh3 38.Rc7 Bxd4 39.Rxc6 Bxb2  0-1

[Event "FSIMA July"]
[Site "Budapest HUN"]
[Date "2000.07.05"]
[Round "5"]
[White "Harakis,A"]
[Black "Erenburg,S"]
[Result "0-1"]
[WhiteElo "2179"]
[BlackElo "2325"]

1.d4 d5 2.c4 c6 3.Nf3 Nf6 4.Qc2 dxc4 5.Qxc4 Bf5 6.Nc3 e6 7.g3 Nbd7 8.Bg2 Be7
9.O-O O-O 10.Rd1 Bc2 11.e3 Bxd1 12.Nxd1 Rc8 13.Qb3 Qb6  0-1

[Event "10th It"]
[Site "Lippstadt GER"]
[Date "2000.07.06"]
[Round "1"]
[White "Dautov,R"]
[Black "Luther,T"]
[Result "1/2-1/2"]
[WhiteElo "2606"]
[BlackElo "2547"]

1.d4 d5 2.c4 c6 3.Nf3 dxc4 4.e3 Be6 5.Nc3 b5 6.a4 b4 7.Ne4 Nf6 8.Nxf6+ exf6
9.e4 b3 10.Be2 Na6 11.O-O Nb4 12.Bd2 Nc2 13.Rc1 Bd6 14.Bc3 O-O 15.Ne1 Qb8
16.Nxc2 bxc2 17.Qxc2 Bxh2+ 18.Kh1 Qf4 19.g4 Qc7 20.Kg2 Bf4 21.Rcd1 Rfe8 22.Rh1 h6
23.f3 Rad8 24.Bd2 Bxd2 25.Qxd2  1/2-1/2

[Event "t-EuCh U18 Girls"]
[Site "Balatonlelle HUN"]
[Date "2000.07.09"]
[Round "1"]
[White "Srebrnic,A"]
[Black "Mietzner,T"]
[Result "0-1"]
[WhiteElo "2174"]
[BlackElo "2122"]

1.Nf3 Nf6 2.c4 c6 3.d4 d5 4.Qc2 Nbd7 5.Nc3 dxc4 6.a4 Nb6 7.e4 Bg4 8.a5 Nbd7
9.Bxc4 Bxf3 10.gxf3 Qc7 11.e5 Nd5 12.Bxd5 cxd5 13.e6 fxe6 14.Qe2 Kf7 15.O-O g5
16.Re1 Qc6 17.Bd2 Rg8 18.b4 Rg6 19.Rac1 Bh6 20.Ne4 Qa4 21.Ng3 Nf8 22.Rc7 Bg7
23.Qd3 b6 24.a6 b5 25.Rc6 Rb8 26.Qc3 e5 27.Rxg6 Nxg6 28.dxe5 Qxa6 29.Bxg5 Rc8
30.Qd3 e6 31.f4 Rc4 32.f5 Nxe5 33.fxe6+ Qxe6 34.Qe3 Kg8 35.Bf4 d4 36.Qe4 Nf3+
37.Kh1 Qxe4 38.Rxe4 d3  0-1

[Event "ch-NOR"]
[Site "Asker NOR"]
[Date "2000.07.12"]
[Round "6"]
[White "Gausel,E"]
[Black "Agdestein,S"]
[Result "0-1"]
[WhiteElo "2492"]
[BlackElo "2588"]

1.d4 d5 2.c4 c6 3.Nf3 Nf6 4.Qc2 dxc4 5.Qxc4 Bf5 6.g3 e6 7.Bg2 Be7 8.O-O O-O
9.Nc3 Nbd7 10.e3 Ne4 11.Nd2 Nxc3 12.bxc3 e5 13.a4 Be6 14.Qe2 Qa5 15.Ba3 Bxa3
16.Rxa3 Rad8 17.Rfa1 Rfe8 18.Qe1 Bd5 19.Nb3 Qc7 20.Bxd5 cxd5 21.Nd2 Re6 22.Nf3 Rc6
23.Nxe5 Nxe5 24.dxe5 Qxe5 25.Rd1 g6 26.Rd4 Rdc8 27.Qd2 Rc5 28.Rb3 b6 29.Rb5 Qe6
30.Rxd5 Rxc3 31.Rd8+ Rxd8 32.Qxd8+ Kg7 33.Qd4+ Qf6 34.Rd5 Qxd4 35.Rxd4 a5
36.h4 h5 37.Kg2 Rb3 38.Kf3 Kf6 39.Kf4 Ke6 40.e4 Rb4 41.Ke3 Rb3+ 42.Kf4 f6
43.f3 g5+ 44.hxg5 fxg5+ 45.Kxg5 Rxf3 46.Kh4 Rb3 47.Rd5 Rb4 48.Rxh5 Rxe4+
49.g4 Kd6 50.Rh6+ Kc5 51.Rh5+ Kc6 52.Rh6+ Kb7 53.Kg3 Rxa4 54.g5 Re4 55.g6 Re8
56.g7 Rg8 57.Rg6 a4 58.Kf2 a3 59.Rg3 a2 60.Ra3 Rxg7 61.Rxa2 Re7 62.Rb2 Re5
63.Kf3 Kc6 64.Kf4 Re8 65.Rc2+ Kd5 66.Rb2 Kc5 67.Rc2+ Kd4 68.Rb2 Rf8+ 69.Kg3 Rb8
70.Kf2 b5 71.Ke1 Kc3 72.Rh2 Rd8 73.Rh3+ Rd3 74.Rh8 b4 75.Rc8+ Kb2 76.Ke2 Rd5
77.Rb8 b3  0-1

[Event "Staffordshire GM"]
[Site "Lichfield ENG"]
[Date "2000.07.12"]
[Round "7"]
[White "Arkell,K"]
[Black "Kelly,B"]
[Result "0-1"]
[WhiteElo "2436"]
[BlackElo "2421"]

1.d4 d5 2.c4 c6 3.Nf3 Nf6 4.Nbd2 Bf5 5.g3 e6 6.Bg2 Nbd7 7.O-O Be7 8.b3 O-O
9.Bb2 Ne4 10.e3 a5 11.a3 h6 12.Qe2 Qb6 13.h3 Rfe8 14.Rac1 Rac8 15.Rfd1 Bf8
16.Nxe4 Bxe4 17.Nd2 Bxg2 18.Kxg2 Qa6 19.Qf3 b5 20.c5 Be7 21.Qe2 a4 22.b4 f5
23.g4 Nf6 24.gxf5 exf5 25.Nf3 Kh7 26.Ne5 Rg8 27.Rg1 g6 28.Kh1 Rg7 29.Rg2 Rcg8
30.Qf3 Qc8 31.h4 Bd8 32.Qh3 Qe6 33.f3 Bc7 34.Rcg1 Nd7 35.e4 Nxe5 36.dxe5 dxe4
37.fxe4 Bxe5 38.exf5 gxf5 39.Rxg7+ Rxg7 40.Rxg7+ Bxg7 41.Bxg7 Qe4+ 42.Kh2 Kxg7
43.Qg3+ Kf7 44.Qc7+ Kg6 45.Qd8 Kh5 46.Kg1 f4 47.Qf6  0-1

[Event "GM"]
[Site "Dortmund GER"]
[Date "2000.07.13"]
[Round "6"]
[White "Doettling,F"]
[Black "Varga,Zo"]
[Result "0-1"]
[WhiteElo "2477"]
[BlackElo "2530"]

1.d4 d5 2.c4 c6 3.Nf3 dxc4 4.e3 Be6 5.Nc3 b5 6.Ng5 Bc8 7.Qf3 Nf6 8.Nge4 Nxe4
9.Qxe4 Qa5 10.Bd2 e6 11.Be2 Bb7 12.O-O Nd7 13.Bf3 Rc8 14.Qc2 Qc7 15.a4 a6
16.Ne4 Be7 17.b3 cxb3 18.Qxb3 O-O 19.Rfc1 Qb6 20.Rab1 e5 21.Bg4 Rfd8 22.Bxd7 Rxd7
23.Bc3 exd4 24.Bxd4 Rxd4 25.exd4 Qxd4 26.Qe3 Qxe3 27.fxe3 Re8 28.Nc5 Bc8
29.Rb3 Bxc5 30.Rxc5 Be6 31.Rb2 bxa4 32.Rb6 Bd5 33.Rxa6 g6 34.Rxa4 Rxe3 35.Rc2 Kg7
36.Ra6 Re6 37.g3 h5 38.Kf2 g5 39.Rb6 Kg6 40.Ra6 Kf5 41.Ra4 Rf6 42.h4 Ke5+
43.Kg1 Rf3 44.Kh2 Rf1 45.Re2+ Kf6 46.Rg2 g4 47.Ra7 Ke6  0-1

[Event "ch-POL women"]
[Site "Brzeg Dolny POL"]
[Date "2000.07.15"]
[Round "10"]
[White "Kludacz,M"]
[Black "Matras,A"]
[Result "1/2-1/2"]
[WhiteElo "2242"]
[BlackElo "2232"]

1.d4 d5 2.c4 c6 3.Nf3 Nf6 4.Qc2 dxc4 5.Qxc4 Bf5 6.g3 e6 7.Bg2 Be7 8.Nc3 O-O
9.O-O Nbd7 10.e3 Ne4 11.Nd2 Nxd2 12.Bxd2 e5 13.e4 Bg6 14.d5 Rc8 15.Qe2 Nf6
16.h3 cxd5 17.exd5 e4 18.Nxe4 Nxd5 19.Rad1 Qb6 20.Ng5 Bxg5 21.Bxg5 Rfe8 22.Qd2 Nf6
23.Be3 Qe6 24.Qb4 b6 25.Rfe1 Qc4 26.Qxc4 Rxc4 27.Bf4 Rxe1+ 28.Rxe1 Rc2 29.Rc1 Rxc1+
30.Bxc1 Ne4 31.Bf4 Nc5 32.Bb8 a6 33.Ba7 Nd7 34.Bc6 Bf5 35.g4 Be6 36.Bxd7 Bxd7
37.Bxb6 h5 38.f3 Kh7 39.Kf2 Kg6 40.Kg3 hxg4 41.fxg4 f5 42.Kf4 fxg4 43.hxg4 Kf7
44.g5 g6 45.Ke5 Be6 46.a3 Ke7 47.b4 Kd7 48.a4 Bb3 49.Kf6 Bc2 50.b5 axb5 51.axb5 Bd3
52.Bd4 Bxb5 53.Kxg6  1/2-1/2